[Event "Oberliga Sued W 1112"]
[Site "Germany"]
[Date "2011.10.23"]
[Round "2"]
[White "Sgarlata, Marco"]
[Black "Wolf, Ulrich1111"]
[Result "1/2-1/2"]
[WhiteElo "2084"]
[BlackElo "2055"]
[PlyCount "108"]
[EventDate "2011.09.25"]
[EventType "team-tourn"]
[EventRounds "9"]
[EventCountry "GER"]
[SourceTitle "EXT 2013"]
[Source "ChessBase"]
[SourceDate "2012.11.22"]
[SourceVersion "1"]
[SourceVersionDate "2012.11.22"]
[SourceQuality "1"]
[WhiteTeam "Saarbruecken Gambit"]
[BlackTeam "Schwarzenbach"]
[WhiteTeamCountry "GER"]
[BlackTeamCountry "GER"]

1. d4 Nf6 2. Nf3 g6 3. c4 c5 4. d5 b5 5. cxb5 a6 6. b6 d6 7. Nc3 Qxb6 8. g3 Bg7 9. Bg2 0-0 10. 0-0 Nbd7 11. e4 Ng4 12. Nd2 Nde5 13. h3 Nh6 14. f4 Nd7 15. Nc4 Qb4 16. Qb3 a5 17. Re1 a4 18. Qxb4 cxb4 19. Nd1 Ba6 20. Na5 Bb5 21. Nc6 Bxc6 22. dxc6 Nc5 23. Ne3 e6 24. Rd1 a3 25. Rb1 b3 26. axb3 a2 27. Ra1 Nxb3 28. Nc2 Nxc1 29. e5 dxe5 30. Raxc1 e4 31. Na1 Bxb2 32. Rc2 Bxa1 33. Rxa1 f5 34. Raxa2 Rxa2 35. Rxa2 Rc8 36. Rc2 Rc7 37. Kf2 Kf7 38. Bf1 Ke7 39. Bb5 Nf7 40. Ke3 e5 41. g4 exf4+ 42. Kxf4 g5+ 43. Kxf5 Nd6+ 44. Kxg5 Nxb5 45. Kf4 Na7 46. Kxe4 Nxc6 47. g5 Kf7 48. Kf4 Kg6 49. h4 Nd4 50. Rxc7 Ne6+ 51. Kg4 Nxc7 52. h5+ Kg7 53. Kf5 Nd5 54. Ke5 Ne7 1/2-1/2

[Event "Oberliga Sued W 1011"]
[Site "Germany"]
[Date "2010.12.12"]
[Round "4.6"]
[White "Lang, Matthias"]
[Black "Sgarlata, Marco"]
[Result "1-0"]
[WhiteElo "2137"]
[BlackElo "1833"]
[PlyCount "79"]
[EventDate "2010.10.10"]
[EventType "team-tourn"]
[EventRounds "9"]
[EventCountry "GER"]
[SourceTitle "EXT 2012"]
[Source "ChessBase"]
[SourceDate "2011.11.24"]
[SourceVersion "1"]
[SourceVersionDate "2011.11.24"]
[SourceQuality "1"]
[WhiteTeam "Landau"]
[BlackTeam "Saarbruecken Gambit"]
[WhiteTeamCountry "GER"]
[BlackTeamCountry "GER"]

1. d4 Nf6 2. Nf3 d5 3. Bg5 Ne4 4. Bf4 c5 5. e3 Qb6 6. Qc1 cxd4 7. exd4 Nc6 8. c3 f6 9. Nbd2 e5 10. Be3 Bg4 11. Be2 exd4 12. Nxd4 Bxe2 13. Nxe2 Bc5 14. Bxc5 Nxc5 15. 0-0 Nd3 16. Qc2 Nce5 17. Nd4 Qxb2 18. Qa4+ Kf7 19. Rab1 Qxd2 20. Rxb7+ Kg6 21. Ne6 Rhg8 22. Qd4 Rab8 23. Rxb8 Rxb8 24. Qxa7 Rg8 25. Qd4 Ra8 26. a4 Qa2 27. f4 Rxa4 28. Qe3 Re4 29. Qg3+ Kf7 30. fxe5 Kxe6 31. exf6 Qa7+ 32. Kh1 Nf2+ 33. Kg1 Ng4+ 34. Kh1 gxf6 35. h3 Qe3 36. Qc7 Qe2 37. Qc6+ Ke5 38. Qc7+ Ke6 39. Qc6+ Kf7 40. Qxd5+ 1-0

[Event "Oberliga Sued W 1011"]
[Site "Germany"]
[Date "2010.10.24"]
[Round "2.8"]
[White "Esswein, Karlheinz"]
[Black "Sgarlata, Marco"]
[Result "1-0"]
[WhiteElo "1980"]
[BlackElo "1833"]
[PlyCount "89"]
[EventDate "2010.10.10"]
[EventType "team-tourn"]
[EventRounds "9"]
[EventCountry "GER"]
[SourceTitle "EXT 2012"]
[Source "ChessBase"]
[SourceDate "2011.11.24"]
[SourceVersion "1"]
[SourceVersionDate "2011.11.24"]
[SourceQuality "1"]
[WhiteTeam "Ludwigshafen"]
[BlackTeam "Saarbruecken Gambit"]
[WhiteTeamCountry "GER"]
[BlackTeamCountry "GER"]

1. e4 e5 2. Nf3 Nc6 3. d4 exd4 4. Nxd4 Nf6 5. Nxc6 bxc6 6. Bd3 d5 7. Nc3 Bg4 8. f3 Be6 9. 0-0 Bc5+ 10. Kh1 0-0 11. Bg5 Be7 12. Qe1 h6 13. Bh4 Re8 14. Rd1 Rb8 15. Rb1 d4 16. Nd1 c5 17. Qe2 Qd7 18. b3 Nh5 19. Bxe7 Nf4 20. Qd2 Nxd3 21. cxd3 Qxe7 22. Rc1 c4 23. dxc4 c5 24. Nf2 Qc7 25. Nd3 f5 26. e5 g5 27. Rfe1 f4 28. Re2 Bf5 29. Rce1 Re6 30. g3 Qc6 31. Kg1 fxg3 32. hxg3 Rf8 33. Rf2 Re7 34. f4 Rg7 35. Kh2 Bh7 36. Ree2 Qc8 37. fxg5 Rxf2+ 38. Nxf2 Rxg5 39. e6 Kf8 40. Qf4+ Rf5 41. Qxh6+ Kg8 42. e7 Qe8 43. Qe6+ Kh8 44. Kg2 Rf7 45. Qxf7 1-0

[Event "Saarland-ch MB 85th"]
[Site "Homburg"]
[Date "2010.04.02"]
[Round "8"]
[White "Fernschild, Daniel"]
[Black "Sgarlata, Marco"]
[Result "0-1"]
[WhiteElo "1872"]
[BlackElo "1833"]
[PlyCount "82"]
[EventDate "2010.03.27"]
[EventType "swiss"]
[EventRounds "9"]
[EventCountry "GER"]
[SourceTitle "EXT 2011"]
[Source "ChessBase"]
[SourceDate "2010.11.26"]
[SourceVersion "1"]
[SourceVersionDate "2010.11.26"]
[SourceQuality "1"]

1. d4 Nf6 2. Nf3 g6 3. Nc3 d5 4. Bf4 c6 5. Qd2 Nbd7 6. Bh6 b5 7. Bxf8 Nxf8 8. Ne5 Qd6 9. Qh6 Ne6 10. e3 b4 11. Na4 Rb8 12. Nd3 g5 13. Be2 Rg8 14. Ne5 c5 15. Bh5 Rf8 16. Nf3 cxd4 17. Nxd4 Nxd4 18. exd4 Qf4 19. 0-0 Qh4 20. Bxf7+ Kxf7 21. Qxh4 gxh4 22. f3 Bf5 23. Rf2 Rbc8 24. c3 bxc3 25. Nxc3 Rc4 26. Rd2 Rb8 27. Re1 e6 28. g4 hxg3 29. hxg3 h5 30. Kf2 Rbb4 31. Ke3 Rb8 32. Kf4 a6 33. a3 Rh8 34. Rh1 Re8 35. Re1 Kg6 36. Ke5 Nd7+ 37. Kd6 Nb8 38. g4 hxg4 39. fxg4 Bxg4 40. b3 Rxc3 41. Rg2 Kf6 0-1

[Event "Saarland-ch MB 85th"]
[Site "Homburg"]
[Date "2010.03.31"]
[Round "6"]
[White "Sgarlata, Marco"]
[Black "Frischmann, Rick"]
[Result "0-1"]
[WhiteElo "1833"]
[BlackElo "1870"]
[PlyCount "62"]
[EventDate "2010.03.27"]
[EventType "swiss"]
[EventRounds "9"]
[EventCountry "GER"]
[SourceTitle "EXT 2011"]
[Source "ChessBase"]
[SourceDate "2010.11.26"]
[SourceVersion "1"]
[SourceVersionDate "2010.11.26"]
[SourceQuality "1"]

1. Nf3 d5 2. d4 Nf6 3. c4 c6 4. Nc3 a6 5. c5 Nbd7 6. Bf4 Nh5 7. e3 g6 8. Bd3 Bg7 9. Qc2 0-0 10. g4 Nxf4 11. exf4 b6 12. f5 bxc5 13. fxg6 fxg6 14. Ng5 e6 15. h4 Qf6 16. 0-0-0 cxd4 17. Ne2 Ne5 18. f4 Nxd3+ 19. Qxd3 e5 20. Qh3 h5 21. fxe5 Qxe5 22. Qd3 Qe3+ 23. Qxe3 dxe3 24. gxh5 Bg4 25. Rde1 gxh5 26. Ng3 Rae8 27. Rh2 Be5 28. Rg2 Rf2 29. Reg1 Rxg2 30. Rxg2 Bxg3 31. Rxg3 e2 0-1

[Event "Saarland-ch MB 85th"]
[Site "Homburg"]
[Date "2010.03.29"]
[Round "4"]
[White "Sgarlata, Marco"]
[Black "Fries, Frederik"]
[Result "1/2-1/2"]
[WhiteElo "1833"]
[BlackElo "1934"]
[PlyCount "50"]
[EventDate "2010.03.27"]
[EventType "swiss"]
[EventRounds "9"]
[EventCountry "GER"]
[SourceTitle "EXT 2011"]
[Source "ChessBase"]
[SourceDate "2010.11.26"]
[SourceVersion "1"]
[SourceVersionDate "2010.11.26"]
[SourceQuality "1"]

1. Nf3 Nf6 2. g3 c5 3. Bg2 Nc6 4. 0-0 d5 5. d4 e6 6. c4 Be7 7. Nc3 dxc4 8. Qa4 0-0 9. dxc5 Qa5 10. Qxc4 Qxc5 11. Qb3 Na5 12. Qb5 Qxb5 13. Nxb5 Bd7 14. Nbd4 Nc6 15. Rd1 Rfd8 16. Bf4 Nd5 17. Bg5 f6 18. e4 Nb6 19. Bd2 Nxd4 20. Nxd4 e5 21. Nf5 Bf8 22. Ba5 Be6 23. b3 Rac8 24. Ne3 Rxd1+ 25. Rxd1 Bc5 1/2-1/2

[Event "Saarland-ch MB 85th"]
[Site "Homburg"]
[Date "2010.03.27"]
[Round "1"]
[White "Dittgen, Thomas"]
[Black "Sgarlata, Marco"]
[Result "0-1"]
[WhiteElo "1916"]
[BlackElo "1833"]
[PlyCount "106"]
[EventDate "2010.03.27"]
[EventType "swiss"]
[EventRounds "9"]
[EventCountry "GER"]
[SourceTitle "EXT 2011"]
[Source "ChessBase"]
[SourceDate "2010.11.26"]
[SourceVersion "1"]
[SourceVersionDate "2010.11.26"]
[SourceQuality "1"]

1. e4 e5 2. Nf3 Nc6 3. d4 exd4 4. Nxd4 Nf6 5. Nxc6 bxc6 6. e5 Qe7 7. Qe2 Nd5 8. c4 Nb6 9. b3 a5 10. Bb2 Qe6 11. g3 Bb4+ 12. Nd2 Ba6 13. a3 Bxd2+ 14. Qxd2 0-0 15. Bd3 d5 16. c5 Bxd3 17. Qxd3 Nd7 18. f4 Nxc5 19. Qc2 Ne4 20. 0-0 g6 21. Rac1 c5 22. Qd1 Rfd8 23. g4 Qb6 24. Rf3 c4+ 25. Kg2 cxb3 26. Bd4 c5 27. Rxb3 Qa7 28. Be3 d4 29. Bf2 Nc3 30. Qf3 Rab8 31. Rxb8 Rxb8 32. f5 Qb7 33. Qxb7 Rxb7 34. Be1 Rb3 35. Bxc3 Rxc3 36. Rb1 gxf5 37. gxf5 Kf8 38. f6 Ke8 39. Rb8+ Kd7 40. Rb7+ Ke6 41. Re7+ Kf5 42. Rxf7 Kxe5 43. Ra7 Kxf6 44. Rxa5 Ke5 45. Ra7 Rc2+ 46. Kg3 d3 47. Kf3 Rxh2 48. Rd7 c4 49. Ke3 Re2+ 50. Kf3 Ra2 51. Rf7 Kd4 52. Rxh7 Rxa3 53. Kf2 Kc3 0-1

[Event "Saarland-ch MB 85th"]
[Site "Homburg"]
[Date "2010.03.27"]
[Round "2"]
[White "Sgarlata, Marco"]
[Black "Mueller, Denis"]
[Result "1/2-1/2"]
[WhiteElo "1833"]
[BlackElo "1917"]
[PlyCount "52"]
[EventDate "2010.03.27"]
[EventType "swiss"]
[EventRounds "9"]
[EventCountry "GER"]
[SourceTitle "EXT 2011"]
[Source "ChessBase"]
[SourceDate "2010.11.26"]
[SourceVersion "1"]
[SourceVersionDate "2010.11.26"]
[SourceQuality "1"]

1. e4 c5 2. Nf3 d6 3. Nc3 a6 4. d4 cxd4 5. Nxd4 Nf6 6. Be3 e5 7. Nb3 Be6 8. Be2 Be7 9. 0-0 0-0 10. a4 Nbd7 11. Bf3 Rc8 12. Qd2 Nb6 13. Be2 Nc4 14. Bxc4 Rxc4 15. f3 d5 16. exd5 Nxd5 17. Nxd5 Qxd5 18. Qxd5 Bxd5 19. c3 Rd8 20. Rfd1 f5 21. Bb6 Rd7 22. Na5 Rc8 23. c4 Be6 24. Rxd7 Bxd7 25. Re1 Bb4 26. Rxe5 Bxa5 1/2-1/2

[Event "Saarland-ch A"]
[Site "Schiffweiler"]
[Date "2009.04.07"]
[Round "5"]
[White "Sgarlata, Marco"]
[Black "Velten, Edgar"]
[Result "1/2-1/2"]
[WhiteElo "1656"]
[BlackElo "1704"]
[PlyCount "77"]
[EventDate "2009.04.03"]
[EventType "swiss"]
[EventRounds "9"]
[EventCountry "GER"]
[SourceTitle "EXT 2012"]
[Source "ChessBase"]
[SourceDate "2011.11.24"]
[SourceVersion "1"]
[SourceVersionDate "2011.11.24"]
[SourceQuality "1"]

1. e4 e6 2. d4 d5 3. Nc3 Bb4 4. Nge2 dxe4 5. a3 Be7 6. Nxe4 Nf6 7. N2g3 Nxe4 8. Nxe4 Nd7 9. Qg4 Bf6 10. Nxf6+ Nxf6 11. Qh4 Bd7 12. Be3 Qe7 13. Bd3 h6 14. 0-0-0 Nd5 15. Qxe7+ Nxe7 16. c4 c6 17. Be4 0-0 18. Bf4 Rfe8 19. Rhe1 Rac8 20. Bd6 Nf5 21. Bxf5 exf5 22. Rxe8+ Rxe8 23. d5 a6 24. Kd2 cxd5 25. cxd5 Bb5 26. Kc3 Rc8+ 27. Kd4 f6 28. b3 a5 29. a4 Ba6 30. Bc5 b5 31. Re1 bxa4 32. bxa4 Bd3 33. Re7 Bc2 34. d6 Bxa4 35. d7 Rd8 36. Bb6 Rxd7+ 37. Rxd7 Bxd7 38. Bxa5 Kf7 39. g3 1/2-1/2

[Event "Saarland-ch A"]
[Site "Schiffweiler"]
[Date "2009.04.06"]
[Round "4"]
[White "Waschke, Klaus Dieter"]
[Black "Sgarlata, Marco"]
[Result "1/2-1/2"]
[WhiteElo "1698"]
[BlackElo "1656"]
[PlyCount "118"]
[EventDate "2009.04.03"]
[EventType "swiss"]
[EventRounds "9"]
[EventCountry "GER"]
[SourceTitle "EXT 2012"]
[Source "ChessBase"]
[SourceDate "2011.11.24"]
[SourceVersion "1"]
[SourceVersionDate "2011.11.24"]
[SourceQuality "1"]

1. e4 e5 2. Nf3 Nc6 3. Bc4 Nf6 4. d4 exd4 5. e5 d5 6. Bb5 Ne4 7. Nxd4 Bd7 8. Nxc6 bxc6 9. Bd3 Nc5 10. 0-0 Be7 11. Nc3 0-0 12. Bf4 f6 13. Re1 fxe5 14. Bxe5 Nxd3 15. Qxd3 Bc5 16. Bd4 Bf5 17. Qe3 Bxd4 18. Qxd4 Bxc2 19. Re2 Bf5 20. Rae1 Qf6 21. Re5 Bd7 22. g3 Qf3 23. Re7 Rf7 24. Rxf7 Kxf7 25. Re3 Qf6 26. Qd1 Kg8 27. Nxd5 Qd6 28. Ne7+ Kh8 29. Rd3 Qxe7 30. Rxd7 Qf6 31. Rxc7 Qxb2 32. Rxa7 Rb8 33. Qg4 g6 34. Qd7 Qb1+ 35. Kg2 Qe4+ 36. Kh3 Qf5+ 37. Qxf5 gxf5 38. Rc7 Rb2 39. Kg2 Rxa2 40. Rxc6 Kg7 41. h4 h5 42. Kf3 Ra4 43. Re6 Rb4 44. Ke3 Rg4 45. Kf3 Rb4 46. Ke3 Rg4 47. Kd3 Rb4 48. f3 Rb3+ 49. Ke2 Ra3 50. Rd6 Rb3 51. Rd3 Rb6 52. Ke3 Kf6 53. Rd4 Ke5 54. f4+ Ke6 55. Rd3 Rc6 56. Kd4 Rd6+ 57. Kc4 Rxd3 58. Kxd3 Kd5 59. Ke3 Kc4 1/2-1/2

[Event "Saarland-ch A"]
[Site "Schiffweiler"]
[Date "2009.04.05"]
[Round "3"]
[White "Sgarlata, Marco"]
[Black "Meiser, Michael"]
[Result "0-1"]
[WhiteElo "1656"]
[BlackElo "1730"]
[PlyCount "84"]
[EventDate "2009.04.03"]
[EventType "swiss"]
[EventRounds "9"]
[EventCountry "GER"]
[SourceTitle "EXT 2012"]
[Source "ChessBase"]
[SourceDate "2011.11.24"]
[SourceVersion "1"]
[SourceVersionDate "2011.11.24"]
[SourceQuality "1"]

1. e4 c5 2. c3 g6 3. Nf3 Bg7 4. d4 cxd4 5. cxd4 d6 6. Nc3 Nf6 7. Be2 0-0 8. 0-0 Nbd7 9. h3 Nb6 10. Be3 Bd7 11. Qb3 Rc8 12. Rfc1 Rxc3 13. Qxc3 Nxe4 14. Qc7 Bc8 15. Qb8 a6 16. Rc2 Nd5 17. Rac1 Bf5 18. Qxb7 Nxe3 19. fxe3 Bh6 20. Qb3 Qb8 21. Qa3 d5 22. Ne5 f6 23. Nc6 Qg3 24. Nxe7+ Kh8 25. Nxf5 gxf5 26. Bf3 Ng5 27. Bxd5 Nxh3+ 28. Kf1 Re8 29. Qxa6 Qxe3 30. gxh3 Qf4+ 31. Kg1 Qxd4+ 32. Kf1 Qxd5 33. Qxf6+ Bg7 34. Qc6 Qd3+ 35. Kg1 Bd4+ 36. Kh1 Qxh3+ 37. Rh2 Qe3 38. Rg2 Qh3+ 39. Rh2 Qe3 40. Rf1 Rg8 41. Rh4 Rg1+ 42. Kh2 Qg3# 0-1

[Event "Saarland-ch B"]
[Site "Eppelborn"]
[Date "2008.03.26"]
[Round "6"]
[White "Sgarlata, Marco"]
[Black "Hessedenz, Armin"]
[Result "1/2-1/2"]
[WhiteElo "1636"]
[BlackElo "1569"]
[PlyCount "69"]
[EventDate "2008.03.14"]
[EventType "swiss"]
[EventRounds "7"]
[EventCountry "GER"]
[SourceTitle "EXT 2010"]
[Source "ChessBase"]
[SourceDate "2010.11.25"]
[SourceVersion "1"]
[SourceVersionDate "2010.11.25"]
[SourceQuality "1"]

1. e4 e5 2. Bc4 Nf6 3. Nc3 c6 4. d4 Bb4 5. dxe5 Nxe4 6. Qg4 d5 7. Qxg7 Rf8 8. Bd3 Nxc3 9. Bd2 Nxa2 10. c3 Nxc3 11. bxc3 Be7 12. Nf3 Be6 13. Ng5 Bxg5 14. Bxg5 Qc7 15. f4 Nd7 16. f5 Qxe5+ 17. Qxe5 Nxe5 18. Bc2 Rg8 19. Bf6 Ng4 20. Bd4 Bd7 21. h3 Nh6 22. 0-0 f6 23. Bxf6 Kf7 24. Bd4 Rge8 25. g4 Re2 26. Bd3 Rd2 27. Rf3 a6 28. g5 Rxd3 29. Rxd3 Nxf5 30. Rf3 Kg6 31. Kg2 Re8 32. Ra2 Bc8 33. Bb6 Re4 34. Rd2 Be6 35. Ra2 1/2-1/2

[Event "Saarland-ch B"]
[Site "Eppelborn"]
[Date "2008.03.26"]
[Round "2"]
[White "Sgarlata, Marco"]
[Black "Holle, Eric"]
[Result "1-0"]
[WhiteElo "1636"]
[BlackElo "1499"]
[PlyCount "65"]
[EventDate "2008.03.14"]
[EventType "swiss"]
[EventRounds "7"]
[EventCountry "GER"]
[SourceTitle "EXT 2010"]
[Source "ChessBase"]
[SourceDate "2010.11.25"]
[SourceVersion "1"]
[SourceVersionDate "2010.11.25"]
[SourceQuality "1"]

1. d4 Nf6 2. c4 e5 3. d5 Bc5 4. Nc3 d6 5. e4 Nbd7 6. Bd3 0-0 7. Bg5 h6 8. Bh4 c6 9. a3 Qb6 10. Na4 Qd8 11. Nxc5 Nxc5 12. f3 a6 13. Bc2 cxd5 14. cxd5 b6 15. b4 Nb7 16. Ne2 Bd7 17. Bd3 a5 18. 0-0 Qe8 19. Bxf6 gxf6 20. Qe1 Kh7 21. Qh4 Bb5 22. Bxb5 Qxb5 23. Ng3 Rg8 24. Qxf6 Qd7 25. Qf5+ Qxf5 26. Nxf5 Rgc8 27. Rac1 axb4 28. axb4 Rg8 29. Rc7 Rab8 30. Rxf7+ Kg6 31. Rd7 Rgd8 32. Ne7+ Kf6 33. Nc6 1-0